00695 2200265 4500001002100000005001700021020002200038035002400060082001100084090001600095100001800111245006000129250001000189260003900199300002500238650003500263850001200298990001700310990001700327990001700344990001700361990001700378990001700395990001700412YOGYA00000000010233120160809142344.0 a978-979-17990-0-3 0010-081400000098990 a378.19 a371.8 Lip M aSusan Lipkins aMenumpas Kekerasan Pelajar dan MahasiswacSusan Lipkins aCet.1 aBantenbInspirita Publishingc2008 axi, 211 hlm.b21 cm. aKegiatan pelajar dan mahasiswa aYOPDYOG a1714.PK/B.08 a1715-PK/B.08 a1717.PK/B.08 a1718.PK/B.08 a1719-PK/B.08 a1720.PK/B.08 a1711-PK/B.08